Statistics for Every Marvel Character Starting with X (picture quiz)

Click here to take the quiz!

General Stats

  • This quiz has been taken 4 times
  • The average score is 8 of 16

Answer Stats

Answer% Correct
X-23
100%
X-Man
100%
Xorn
75%
X-Ray
75%
Xemnu
50%
Xraven
50%
Xu Wenwu
50%
Xu Xialing
50%
Xavin
25%
X-Cutioner
25%
Xenith
25%
Xenon
25%
Xira
25%
Xolum
25%
X the Marvel
25%
X the Unknowable
25%

Score Distribution

Percentile by Number Answered

Percent of People with Each Score

Your Score History

You have not taken this quiz